Jorge Amado (Record no. 12501)

MARC details
000 -LEADER
campo de control de longitud fija 00890nam a2200217 i 4500
001 - NÚMERO DE CONTROL
campo de control 12501
003 - IDENTIFICADOR DE NÚMERO DE CONTROL
campo de control ES-MaACL
005 - FECHA Y HORA DE LA ÚLTIMA TRANSACCIÓN
campo de control 20230906150328.0
008 - DATOS DE LONGITUD FIJA--INFORMACIÓN GENERAL
campo de control de longitud fija 921110s1989 sp ||||0| spa d
020 ## - NÚMERO INTERNACIONAL ESTÁNDAR DEL LIBRO
Número Internacional Estándar del Libro 84-7232-467-2
080 ## - NÚMERO DE LA CLASIFICACIÓN DECIMAL UNIVERSAL
Número de la Clasificación Decimal Universal 869.0(81) Amado, Jorge.09
111 2# - ENTRADA PRINCIPAL--NOMBRE DE CONGRESO/REUNIÓN
Nombre de congreso/reunión o jurisdicción como elemento de entrada Semana de Autor sobre Jorge Amado (
Fecha del congreso o de la firma del tratado 1987.
Sede del congreso/Lugar de la reunión Madrid)
9 (RLIN) 980
245 10 - MENCIÓN DEL TÍTULO
Título Jorge Amado
Resto del título : la Semana de Autor sobre Jorge Amado tuvo lugar en Madrid, entre los días 23 al 26 de marzo de 1987, en el Instituto de Cooperación Iberoamericana /
Mención de responsabilidad, etc. edición coordinada por Fernando R. Lafuente.
260 ## - PUBLICACIÓN, DISTRIBUCIÓN, ETC.
Lugar de publicación, distribución, etc. Madrid :
Nombre del editor, distribuidor, etc. Cultura Hispánica,
Fecha de publicación, distribución, etc. 1989.
300 ## - DESCRIPCIÓN FÍSICA
Extensión 104 p ;
Dimensiones 24 cm.
500 ## - NOTA GENERAL
Nota general Bibliografía.
600 14 - PUNTO DE ACCESO ADICIONAL DE MATERIA--NOMBRE DE PERSONA
Nombre de persona Amado, Jorge-
Subdivisión general Crítica e interpretación.
9 (RLIN) 21080
700 1# - ENTRADA AGREGADA--NOMBRE PERSONAL
Nombre de persona Rodríguez Lafuente, Fernando.
9 (RLIN) 98596
710 2# - ENTRADA AGREGADA--NOMBRE DE ENTIDAD CORPORATIVA
Nombre de entidad corporativa o nombre de jurisdicción como elemento de entrada Instituto de Cooperación Iberoamericana.
9 (RLIN) 4848
852 ## - LOCALIZACIÓN
Ubicación ES-MaACL
Número de control de estantería L-19705
Holdings
Estatus retirado Estado de pérdida Estado de daño No para préstamo Biblioteca de origen Biblioteca actual Ubicación en estantería Fecha de adquisición Fuente de adquisición Total de préstamos Signatura topográfica completa Código de barras Visto por última vez Precio de reemplazo Tipo de ítem Koha
        Biblioteca del Ateneo de Madrid Biblioteca del Ateneo de Madrid Depósito 2 17/01/2008     L-19705 1012737 23/02/2023 23/02/2023 Libro impreso